Good Luck, Babe! - Chappell Roan (Lyrics) - Statistics

General Stats
  • This quiz has been taken 359 times
  • The average score is 353 of 409
Answer Stats
Answer % Correct
Pre-Chorus I
100%
You
98%
you
98%
a
97%
it
97%
the
97%
an
95%
Verse 1 It's
95%
it's
95%
can
94%
to
94%
Bridge When
94%
when
94%
of
93%
say
93%
in
92%
just
92%
not
92%
feeling
91%
kiss
91%
are
90%
babe
90%
boys
90%
nothing
90%
stop
90%
we
90%
but
89%
But
89%
Good
89%
good
89%
hundred
89%
Luck
89%
luck
89%
that
89%
With
89%
with
89%
And
88%
bars
88%
fine
88%
who
88%
your
88%
know
87%
love
87%
way
87%
cool
86%
another
84%
call
84%
I'm
84%
me
84%
so
84%
baby
83%
wanna
83%
don't
82%
middle
82%
night
82%
next
81%
off
81%
shot
81%
up
81%
world
81%
him
80%
Shoot
80%
Pre-Chorus Think
80%
think
80%
truth
80%
wake
80%
you're
80%
You're
80%
be
79%
excuse
79%
one
79%
hands
78%
have
78%
Make
78%
more
78%
try
78%
fool
77%
guess
77%
reason
77%
his
76%
than
76%
well
76%
wife
76%
head
75%
stupid
75%
told
75%
about
72%
car
72%
all
71%
arms
71%
years
71%
like
70%
affair
69%
angel
69%
hate
69%
ago
68%
face
68%
new
68%
those
68%
You'd
68%
only
66%
calls
65%
sexually
65%
someone
65%
explicit
64%
fair
64%
little
64%
need
64%
gonna
63%
standing
63%
her
61%
if
61%
Even
59%
kinda
59%
lovin
57%
sunroof
57%
cares
56%
cry
56%
out
55%
through
54%
air
47%
cliche
36%
No matching quizzes found
Score Distribution
Percent of People with Each Score
Percentile by Number Answered
Your Score History
You have not taken this quiz